| 000 | 00848nam a2200241 a 4500 | ||
|---|---|---|---|
| 003 | MX-MxUPN | ||
| 005 | 20250116063902.0 | ||
| 008 | 240807s1933 mx |||||r|||| 000 0 spa d | ||
| 040 |
_aMX-MxUPN _bspa _cMX-MxUPN |
||
| 041 | 0 | _aspa | |
| 050 | 1 | 4 |
_aLB1026 _bF47 1933 |
| 100 | 1 |
_aFerriére, Adolphe, _d1879-1960 _942134 |
|
| 245 | 1 | 3 | _aLa ley biogenética y la escuela activa |
| 250 | _aSegunda edición. | ||
| 260 |
_aMadrid : _bRevista de Pedagogía, _c1933 |
||
| 300 | _a86 páginas | ||
| 490 | 0 |
_aPublicaciones de la revista de pedagogía. La pedagogía contemporánea ; _v10 |
|
| 650 | 4 |
_aEducación _9682 |
|
| 650 | 4 |
_aEducación _xMétodos experimentales _95868 |
|
| 700 | 1 |
_aLuzuriaga, Lorenzo, _d1889-1959 _930333 _eintroducción |
|
| 710 | 2 |
_aInstituto Nacional de Pedagogía (México) _epropietario anterior _928088 |
|
| 942 |
_2lcc _cLIBRO |
||
| 999 |
_c211518 _d211518 |
||